Introduction to data processing

Αποθηκεύτηκε σε:
Λεπτομέρειες βιβλιογραφικής εγγραφής
Κύριος συγγραφέας: Robichaud, Beryl
Άλλοι συγγραφείς: Muscat, Eugene 1944-, Hall, Alix-Marie 1941-
Μορφή: Βιβλίο
Γλώσσα:English
Δημοσίευση: New York : McGraw-Hill, 1983
Έκδοση:3rd ed.
Θέματα:
Ετικέτες: Προσθήκη ετικέτας
Δεν υπάρχουν, Καταχωρήστε ετικέτα πρώτοι!

MARC

LEADER 00000nam a2200000 i 4500
001 1/59926
008 960208s1983 eng d
020 |a 0070531943 
035 |l 10028625 
040 |a GR-MY-UA  |b gre  |e aacr 
041 0 |a eng 
082 0 |a 651.8 
100 1 |a Robichaud, Beryl. 
245 1 0 |a Introduction to data processing 
250 |a 3rd ed. 
260 |a New York :   |b McGraw-Hill,   |c 1983 
300 |a xi, 356 σ. 
650 0 0 |a Office management  |x Data processing. 
650 0 0 |a Electronic data processing. 
700 1 |a Muscat, Eugene  |d 1944- 
700 1 |a Hall, Alix-Marie  |d 1941- 
852 |a INST  |b CHIOS  |e 19960208  |h 651.8 ROB  |p 005200002354  |q 005200002354  |t BK  |y 0 
909 |a Χ  |b 005483